| 000 | 00527nam a2200169 i 4500 | ||
|---|---|---|---|
| 001 | 20978 | ||
| 003 | ES-MaACL | ||
| 005 | 20230906152409.0 | ||
| 007 | t| | ||
| 008 | 021120s1950 sp ||||1| spa d | ||
| 100 | 1 |
_aAlarcón Capilla, Antonio. _919137 |
|
| 245 | 1 | 3 |
_aLa granada de oro _b: . San Juan de Dios / _cAntonio Alarcón Capilla. |
| 260 |
_aMadrid : _b[s.n., _c1950] ( _fImp. Pablo López) |
||
| 300 |
_a322 p. : _b1 lám. retr. biog. ; _c21 cm. |
||
| 740 | 0 | _aSan Juan de Dios. | |
| 852 |
_aES-MaACL _jD-7430 _bR.30377 |
||
| 999 |
_c20978 _d20978 |
||